Statistiken für Die Torschützenkönige der Bundesliga seit 2000

Klicken Sie hier um das Quiz zu spielen!

Allgemein

  • Dieses Quiz wurde 329 mal gespielt
  • Das Durchschnittsergebnis liegt bei 17 aus 23

Antwortstatistiken

SaisonVereinToreSpieler% Korrekt
2021/2022FC Bayern München35Robert Lewandowski
100%
2020/2021FC Bayern München41Robert Lewandowski
100%
2019/2020FC Bayern München34Robert Lewandowski
100%
2018/2019FC Bayern München22Robert Lewandowski
100%
2017/2018FC Bayern München29Robert Lewandowski
100%
2015/2016FC Bayern München30Robert Lewandowski
100%
2013/2014Borussia Dortmund20Robert Lewandowski
100%
2022/2023Werder Bremen/RB Leipzig16Niclas Füllkrug/Christopher Nkunku
93%
2016/2017Borussia Dortmund31Pierre-Emerick Aubameyang
86%
2010/2011FC Bayern München28Mario Gomez
80%
2009/2010VfL Wolfsburg22Edin Dzeko
76%
2012/2013Bayer Leverkusen25Stefan Kießling
75%
2011/2012FC Schalke 0429Klaas-Jan Huntelaar
74%
2008/2009VfL Wolfsburg28Grafite
72%
2014/2015Eintracht Frankfurt19Alexander Meier
71%
2005/2006SV Werder Bremen25Miroslav Klose
68%
2003/2004SV Werder Bremen28Ailton
67%
2007/2008FC Bayern München24Luca Toni
60%
2002/2003FC Bayern München/VfL Bochum21Giovane Elber/Thomas Christiansen
49%
2000/2001FC Schalke 04/Hamburger SV22Ebbe Sand/Sergej Barbarez
47%
2004/20051. FC Nürnberg24Marek Mintal
43%
2006/2007VfL Bochum20Theofanis Gekas
41%
2001/2002TSV 1860 München/Borussia Dortmund18Martin Max/Marcio Amoroso
38%

Verteilung der Resultate

Perzentil nach korrekt beantworteten Fragen

Anzahl Personen mit jedem Resultat

Ihre Resultats-Entwicklung

Sie haben dieses Quiz noch nicht gespielt